ՀՀ Գիտությունների ազգային ակադեմիայի հիմնարար գիտական գրադարան  =   Fundamental Scientific Library of NAS RA

Արամ Մանուկյան : (Record no. 529407)

MARC details
000 -LEADER
fixed length control field 02014nam a2200337 a 4500
001 - CONTROL NUMBER
control field 1313946
003 - CONTROL NUMBER IDENTIFIER
control field AM-YEHGA
005 - DATE AND TIME OF LATEST TRANSACTION
control field 20250618080132.0
008 - FIXED-LENGTH DATA ELEMENTS--GENERAL INFORMATION
fixed length control field 100310s2009 ai ob|||||||||||||0|arm|d
020 ## - INTERNATIONAL STANDARD BOOK NUMBER
International Standard Book Number 9789994187829
040 ## - CATALOGING SOURCE
Original cataloging agency AM-YeHGA
041 0# - LANGUAGE CODE
Language code of text/sound track or separate title arm
090 ## - LOCALLY ASSIGNED LC-TYPE CALL NUMBER (OCLC); LOCAL CALL NUMBER (RLIN)
-- 567832
245 00 - TITLE STATEMENT
Title Արամ Մանուկյան :
Remainder of title Փաստաթղթերի և նյութերի ժողովածու /
Statement of responsibility, etc. Խմբ. և կազմ.՝ Ա. Վիրաբյան ; Կազմ.՝ Գ. Ավագյան, Մ. Ավետիսյան ; Առաջաբ.՝ Ա. Ասրյան ; Հայաստանի ազգային արխիվ.
260 ## - PUBLICATION, DISTRIBUTION, ETC.
Place of publication, distribution, etc. Երևան :
Name of publisher, distributor, etc. Հայաստանի ազգային արխիվ,
Date of publication, distribution, etc. 2009.
300 ## - PHYSICAL DESCRIPTION
Extent 575 էջ :
Other physical details 17 թ. ներդիր լուսանկար, քարտեզներ ;
Dimensions 20 սմ.
500 ## - GENERAL NOTE
General note Գրքի թվային տարբերակը Հայաստանի ազգային գրադարանին է տրամադրել Wikipedia ազատ հանրագիտարանը:
504 ## - BIBLIOGRAPHY, ETC. NOTE
Bibliography, etc. note Մատենագիտությունը՝ տողատակի ծանոթոթագրություններում։ Ծանոթագրություններ՝ էջ 499-519։ Ցանկ՝ էջ 520-573։
546 ## - LANGUAGE NOTE
Language note Բնագիրը՝ հայերեն և ռուսերեն լեզուներով
600 14 - SUBJECT ADDED ENTRY--PERSONAL NAME
Personal name Մանուկյան, Արամ,
Dates associated with a name 1879-1919
9 (RLIN) 3721
650 14 - SUBJECT ADDED ENTRY--TOPICAL TERM
Topical term or geographic name entry element Հայ ազգային գործիչներ
650 14 - SUBJECT ADDED ENTRY--TOPICAL TERM
Topical term or geographic name entry element Հայ պետական գործիչներ
650 14 - SUBJECT ADDED ENTRY--TOPICAL TERM
Topical term or geographic name entry element Հայ Հեղափոխական Դաշնակցություն
700 1# - ADDED ENTRY--PERSONAL NAME
Personal name Վիրաբյան, Ամատունի Սասունիկի,
Dates associated with a name 1956-
Relator term խմբ․
Relationship edt
Relator term կազմ․
Relationship com
9 (RLIN) 4019
700 1# - ADDED ENTRY--PERSONAL NAME
Personal name Ասրյան, Արմեն Սերյոժայի,
Dates associated with a name 1971-
Relator term առաջաբ․
Relationship aui
9 (RLIN) 3719
700 1# - ADDED ENTRY--PERSONAL NAME
Personal name Ավագյան, Գոհար
Relator term կազմ․
Relationship com
700 1# - ADDED ENTRY--PERSONAL NAME
Personal name Ավետիսյան Մարո
Relator term կազմ․
Relationship com
710 2# - ADDED ENTRY--CORPORATE NAME
Corporate name or jurisdiction name as entry element Հայաստանի ազգային արխիվ
9 (RLIN) 5822
856 41 - ELECTRONIC LOCATION AND ACCESS
Uniform Resource Identifier <a href="http://haygirk.nla.am/upload/1941-/amanukyan_pastatxteri_2009.pdf">http://haygirk.nla.am/upload/1941-/amanukyan_pastatxteri_2009.pdf</a>
Link text Կարդալ առցանց
942 ## - ADDED ENTRY ELEMENTS (KOHA)
Source of classification or shelving scheme Universal Decimal Classification
Koha item type Գրքեր / Books
Holdings
Withdrawn status Lost status Source of classification or shelving scheme Damaged status Not for loan Collection Home library Current library Date acquired Total checkouts Full call number Barcode Date last seen Price effective from Koha item type Public note
    Universal Decimal Classification     General Fundamental Scientific Library Fundamental Scientific Library 29/01/2024   AII/111328 FL0681891 29/01/2024 29/01/2024 Գրքեր / Books 30 Days Loan


ՀՀ ԳԱԱ հիմնարար գիտական գրադարան
ՀՀ,Երևան 0019
Մարշալ Բաղրամյան 24/6
հեռախոս:(374-10) 52-47-50
Հետադարձ կապ

All site content, except where otherwise noted, is licensed under a
Creative Commons License